| 000 | 00388nam a22001457a 4500 | ||
|---|---|---|---|
| 005 | 20250109105913.0 | ||
| 008 | 250109b |||||||| |||| 00| 0 eng d | ||
| 050 |
_aHX536 _bDEK |
||
| 100 | _aDEKOSTER, LESTER | ||
| 245 | _aCOMMUNISM AND CHRISTIAN FAITH | ||
| 260 |
_aMICHIGAN _bWILLIAM B. EERDMANS PUBLISHING CO _c1962 |
||
| 300 | _ax,158p | ||
| 500 | _aincludes index | ||
| 942 |
_2lcc _cBK _n0 |
||
| 999 |
_c2486 _d2486 |
||